Avenca, a Fadazinha Verde (Registo nº 1111)

Detalhes MARC
000 -Etiqueta do registo
Cabeçalho 00744nam0a2200265 i 4500
005 - Identificador da versão
Campo de controlo 20240822170419.0
010 ## - Número internacional normalizado dos livros (ISBN)
Número (ISBN) 9789722226264
021 ## - Número do Depósito Legal
Código do país PT
Número 257490/07
100 ## - Dados gerais de processamento
Dados gerais de processamento 20100507d2007 cd y0pory5003 ba
101 1# - Língua de publicação
Língua do texto, banda sonora, etc. Português
Língua do documento no original Inglês
102 ## - Pais de publicação ou produção
País de publicação Portugal
105 ## - Campo de dados codificados: livros
Dados codificados dos livros a z 001yy
106 ## - Campo de dados codificados: material textual
Dados codificados do material textual r
200 1# - Titulo e menção de responsabilidade
Título próprio Avenca, a Fadazinha Verde
Primeira menção de responsabilidade Daisy Meadows
Outras menções de responsabilidade il. Georgie Ripper
-- trad. Maria Isabel Mendonça Soares
205 ## - Menção da edição
Menção da edição 1a ed.
210 ## - Publicação, Distribuição, etc. 
Lugar da edição, distribuição, etc. Lisboa
Nome do editor, distribuidor, etc. Editorial Verbo
Data da publicação, distribuição, etc. 2007
215 ## - Descrição física 
Outras indicações físicas il.
Dimensões cm
225 2# - Colecção 
Título próprio da colecção A magia do Arco-Íris
Indicação de volume 4
304 ## - Notas relativas a título e menção de responsabilidade 
Texto da nota Tít. orig.: Fern the Geen Fairy
606 ## - Nome comum usado como assunto
Número de registo de entrada de autoridade 0000985
Palavra de ordem Contos
Subdivisão de assunto Publicações Infantis
675 ## - Classificação Decimal Universal (CDU)
Notação 82-34
Edição BN
Língua da edição por
700 #1 - Nome de autor-pessoa física (responsabilidade principal)
Número de registo de entrada de autoridade 0001395
Palavra de ordem Meadows
Outra parte do nome não tomada para palavra de ordem Daisy
942 ## - Elementos de entrada adicionados (Koha)
Tipo de item no Koha Livro
Exemplares
Situação do levantamento Origin of item (home branch) (coded) Biblioteca de empréstimo Código de barras Cota Circulation type (not for loan) Tipo de documento Nota do exemplar Damaged status
  Biblioteca Escolar Eng. Nuno Mergulhão Biblioteca Escolar Eng. Nuno Mergulhão BENM2015 8EST MEA   Livro Sem mensagem